<?xml version="1.0" encoding="UTF-8"?>
<record
    xmlns:xsi="http://www.w3.org/2001/XMLSchema-instance"
    xsi:schemaLocation="http://www.loc.gov/MARC21/slim http://www.loc.gov/standards/marcxml/schema/MARC21slim.xsd"
    xmlns="http://www.loc.gov/MARC21/slim">

  <leader>01961nam a2200361 a 4500</leader>
  <controlfield tag="001">000042905</controlfield>
  <controlfield tag="005">20240417195416.0</controlfield>
  <controlfield tag="008">140212s1990    sp            000 0 spa d</controlfield>
  <datafield tag="020" ind1=" " ind2=" ">
    <subfield code="z">956160199K</subfield>
  </datafield>
  <datafield tag="040" ind1=" " ind2=" ">
    <subfield code="a">DO-SdBNP</subfield>
    <subfield code="b">spa</subfield>
    <subfield code="c">BNPHU</subfield>
  </datafield>
  <datafield tag="082" ind1=" " ind2=" ">
    <subfield code="a">323.183</subfield>
    <subfield code="b">C537m, 1990</subfield>
  </datafield>
  <datafield tag="245" ind1="0" ind2="0">
    <subfield code="a">Chile :</subfield>
    <subfield code="b">la memoria prohibida, las violaciones a los derechos humanos 1973-1983 /</subfield>
    <subfield code="c">Eugenio Ahumada...[et.al] ; texto Rodrigo Atria.</subfield>
  </datafield>
  <datafield tag="250" ind1=" " ind2=" ">
    <subfield code="a">4a. ed.</subfield>
  </datafield>
  <datafield tag="260" ind1=" " ind2=" ">
    <subfield code="a">Chile :</subfield>
    <subfield code="b">Pehu&#xE9;n Editores,</subfield>
    <subfield code="c">1990.</subfield>
  </datafield>
  <datafield tag="300" ind1=" " ind2=" ">
    <subfield code="a">3 v. ;</subfield>
    <subfield code="c">22 cm.</subfield>
  </datafield>
  <datafield tag="490" ind1="1" ind2=" ">
    <subfield code="a">Testimonio</subfield>
    <subfield code="v">2</subfield>
  </datafield>
  <datafield tag="505" ind1="0" ind2=" ">
    <subfield code="g">v. 1:</subfield>
    <subfield code="t">El golpe de estado de 11 de septiembre --</subfield>
    <subfield code="t">El destino de los hombres de Allende --</subfield>
    <subfield code="t">Detenciones y campos deconcentraci&#xF3;n --</subfield>
    <subfield code="t">Los casos de Loqu&#xE9;n, Yumbel y Paine --</subfield>
    <subfield code="t">El helic&#xF3;ptero de la muerte --</subfield>
    <subfield code="t">La formaci&#xF3;n del Comit&#xE9; pro Paz --</subfield>
    <subfield code="t">La creaci&#xF3;n de la Dina.</subfield>
  </datafield>
  <datafield tag="505" ind1="0" ind2=" ">
    <subfield code="g">v. 2:</subfield>
    <subfield code="t">El pa&#xED;s de las catacumbas</subfield>
    <subfield code="t">Los asesinatos de Carlos Prats y de Orlando Letelier --</subfield>
    <subfield code="t">La Operaci&#xF3;n Colombo o El Caso de los 119 --</subfield>
    <subfield code="t">El atentado a Bernardo Leighton --</subfield>
    <subfield code="t">La creaci&#xF3;n de la Vicar&#xED;a de la Solidaridad --</subfield>
    <subfield code="t">El itinerario del Comando Conjunto --</subfield>
    <subfield code="t">Ls crisis entre la Iglesia y el gobierno.</subfield>
  </datafield>
  <datafield tag="505" ind1="0" ind2=" ">
    <subfield code="g">V. 3:</subfield>
    <subfield code="t">La metamorfosis de la Dina --</subfield>
    <subfield code="t">La condena de Townley --</subfield>
    <subfield code="t">El convenio de Qu&#xE1;ntico --</subfield>
    <subfield code="t">Los secuestros del Covema --</subfield>
    <subfield code="t">La excomuni&#xF3;n de los torturadores --</subfield>
    <subfield code="t">El caso Calama --</subfield>
    <subfield code="t">El asesinato de Tucapel Jim&#xE9;nez --</subfield>
    <subfield code="t">El primer brote de la primavera.</subfield>
  </datafield>
  <datafield tag="650" ind1=" " ind2="4">
    <subfield code="a">Violaci&#xF3;n de los derechos humanos</subfield>
    <subfield code="z">Chile</subfield>
    <subfield code="9">70356</subfield>
  </datafield>
  <datafield tag="650" ind1=" " ind2="0">
    <subfield code="a">Derecho civil</subfield>
    <subfield code="9">5702</subfield>
  </datafield>
  <datafield tag="651" ind1=" " ind2="4">
    <subfield code="a">Chile</subfield>
    <subfield code="x">Condiciones Sociales</subfield>
    <subfield code="9">70357</subfield>
  </datafield>
  <datafield tag="700" ind1="1" ind2="2">
    <subfield code="a">Ahumada, Eugenio.</subfield>
    <subfield code="9">70358</subfield>
  </datafield>
  <datafield tag="700" ind1="1" ind2="2">
    <subfield code="a">Atria, Rodrigo</subfield>
    <subfield code="9">70359</subfield>
  </datafield>
  <datafield tag="700" ind1="1" ind2="2">
    <subfield code="a">Ega&#xF1;a, Javier Luis</subfield>
    <subfield code="9">70360</subfield>
  </datafield>
  <datafield tag="700" ind1="1" ind2="2">
    <subfield code="a">G&#xF3;ngora, Augusto</subfield>
    <subfield code="9">70361</subfield>
  </datafield>
  <datafield tag="700" ind1="1" ind2="2">
    <subfield code="a">Quesney, Carmen</subfield>
    <subfield code="9">70362</subfield>
  </datafield>
  <datafield tag="700" ind1="1" ind2="2">
    <subfield code="a">Saball, Gustavo</subfield>
    <subfield code="9">70363</subfield>
  </datafield>
  <datafield tag="700" ind1="1" ind2="2">
    <subfield code="a">Villalobos, Gustavo</subfield>
    <subfield code="9">70364</subfield>
  </datafield>
  <datafield tag="830" ind1=" " ind2="0">
    <subfield code="a">Testimonio</subfield>
    <subfield code="v">2</subfield>
    <subfield code="9">16115</subfield>
  </datafield>
  <datafield tag="910" ind1=" " ind2=" ">
    <subfield code="a">Validado. Control de calidad EMS</subfield>
  </datafield>
  <datafield tag="049" ind1=" " ind2=" ">
    <subfield code="a">BNPD</subfield>
  </datafield>
  <datafield tag="952" ind1=" " ind2=" ">
    <subfield code="0">0</subfield>
    <subfield code="1">0</subfield>
    <subfield code="5">0</subfield>
    <subfield code="7">1</subfield>
    <subfield code="8">MO</subfield>
    <subfield code="a">GR</subfield>
    <subfield code="b">GR</subfield>
    <subfield code="c">HD</subfield>
    <subfield code="d">2014-02-12</subfield>
    <subfield code="i">LF1</subfield>
    <subfield code="l">0</subfield>
    <subfield code="o">323.183 C537m, 1990 | v. 1</subfield>
    <subfield code="p">42905-10</subfield>
    <subfield code="r">2020-06-25</subfield>
    <subfield code="w">2020-06-25</subfield>
    <subfield code="y">1</subfield>
    <subfield code="Z">No se presta</subfield>
  </datafield>
  <datafield tag="952" ind1=" " ind2=" ">
    <subfield code="0">0</subfield>
    <subfield code="1">0</subfield>
    <subfield code="5">0</subfield>
    <subfield code="7">1</subfield>
    <subfield code="8">MO</subfield>
    <subfield code="a">GR</subfield>
    <subfield code="b">GR</subfield>
    <subfield code="c">HD</subfield>
    <subfield code="d">2014-03-14</subfield>
    <subfield code="i">LF1</subfield>
    <subfield code="l">0</subfield>
    <subfield code="o">323.183 C537m, 1990 | v. 2</subfield>
    <subfield code="p">42905-20</subfield>
    <subfield code="r">2020-06-25</subfield>
    <subfield code="w">2020-06-25</subfield>
    <subfield code="y">1</subfield>
    <subfield code="Z">No se presta</subfield>
  </datafield>
  <datafield tag="952" ind1=" " ind2=" ">
    <subfield code="0">0</subfield>
    <subfield code="1">0</subfield>
    <subfield code="5">0</subfield>
    <subfield code="7">1</subfield>
    <subfield code="8">MO</subfield>
    <subfield code="a">GR</subfield>
    <subfield code="b">GR</subfield>
    <subfield code="c">HD</subfield>
    <subfield code="d">2014-05-07</subfield>
    <subfield code="i">LF1</subfield>
    <subfield code="l">0</subfield>
    <subfield code="o">323.183 C537m, 1990 | v. 3</subfield>
    <subfield code="p">42905-30</subfield>
    <subfield code="r">2020-06-25</subfield>
    <subfield code="w">2020-06-25</subfield>
    <subfield code="y">1</subfield>
    <subfield code="Z">No se presta</subfield>
  </datafield>
  <datafield tag="999" ind1=" " ind2=" ">
    <subfield code="c">42394</subfield>
    <subfield code="d">42394</subfield>
  </datafield>
</record>
